NLSUI OPAC header image

Law and social transformation (Record no. 31574)

MARC details
000 -LEADER
fixed length control field 01125nam a2200217Ia 4500
003 - CONTROL NUMBER IDENTIFIER
control field OSt
005 - DATE AND TIME OF LATEST TRANSACTION
control field 20201018220406.0
008 - FIXED-LENGTH DATA ELEMENTS--GENERAL INFORMATION
fixed length control field 160316s2012 xxu||||| |||| 00| 0 eng d
020 ## - INTERNATIONAL STANDARD BOOK NUMBER
International Standard Book Number 9789381292730
040 ## - CATALOGING SOURCE
Transcribing agency nls
082 ## - DEWEY DECIMAL CLASSIFICATION NUMBER
Classification number 344.030000
Item number TRI
100 ## - MAIN ENTRY--PERSONAL NAME
Personal name Tripathi G P
245 ## - TITLE STATEMENT
Title Law and social transformation
260 ## - PUBLICATION, DISTRIBUTION, ETC.
Place of publication, distribution, etc. Allahabad
Name of publisher, distributor, etc. Central Law Publications
Date of publication, distribution, etc. 2012
300 ## - PHYSICAL DESCRIPTION
Extent 408p
365 ## - TRADE PRICE
Price amount Rs. 280
505 ## - FORMATTED CONTENTS NOTE
Formatted contents note Contents:<br/><br/>Whether Law follows Social change or leads it , Controversy .<br/>Human Law in its Social Contexts.<br/>The Organisation of Law.<br/>Social Movement in Law.<br/>Social Welfare Law & Government.<br/>Law, Justice & Freedom.<br/>Law Making & Society.<br/>Legal system , Law & Social Order.<br/>Law & Language.<br/>Law & Religion.<br/>Caste & Law.<br/>Communities & Law.<br/>Religionalism & Law.<br/>Women & Law.<br/>Gender Injustices & Its Vrious Forms.<br/> Child & Law.<br/>Sarvodaya Socialist Thought on Law & Justice.<br/>Morality as content of Law in changing Society.<br/>Naxalite Movement : Causes & Cure.<br/>Witness Protection : Challenges.
650 ## - SUBJECT ADDED ENTRY--TOPICAL TERM
Topical term or geographic name entry element 1. Law - Social Transformation
700 ## - ADDED ENTRY--PERSONAL NAME
Personal name
--
942 ## - ADDED ENTRY ELEMENTS (KOHA)
Source of classification or shelving scheme Dewey Decimal Classification
Koha item type BOOKs
Holdings
Withdrawn status Lost status Damaged status Not for loan Home library Current library Shelving location Date acquired Cost, normal purchase price Total Checkouts Full call number Barcode Date last seen Date last checked out Price effective from Koha item type
        NLS NLS   30/05/2017 280.00 1 344.03 TRI 28776 28/09/2019 10/08/2019 30/05/2017 BOOKs